000 00673nam a22002297a 4500
999 _c3702
_d3702
003 AR-CdUCM
008 190307b ||||| |||| 00| 0 spa d
040 _aMUNICIPALIDAD PROVINCIAL DEL CUSCO
_cBIBLIOTECA MUNICIPAL DEL CUSCO
041 _hfr.
082 _a848.9 /
_bL45
100 _aLenormand, H.R
_912007
245 _aUna cualquiera /
260 _aMexico :
_bEdit.Grijalbo,
_c1955.
300 _a259 paginas ;
_c19 cm.
505 _aContenido : Novela francesa /
650 _aNovela francesa
_92590
650 _aLiteratura francesa
_9913
650 _aSiglo XX
_98
700 _aMargarita Nelken (traducción)
_912008
942 _2ddc
_cLIBROS
945 _arjall